[Event "44th Sparkassen Open"]
[Site "Dortmund GER"]
[Date "2016.07.15"]
[Round "7.5"]
[White "Schmittdiel, Eckhard"]
[Black "Zolfagharian, Kevin"]
[Result "1-0"]
[WhiteTitle "GM"]
[WhiteElo "2449"]
[BlackElo "2130"]
[WhiteFideId "4600096"]
[BlackFideId "12933570"]
[EventDate "2016.07.09"]

1. e4 c5 2. Nf3 Nc6 3. Bb5 g6 4. O-O Bg7 5. Bxc6 bxc6 6. e5 Nh6 7. b3 O-O 8. Bb2
d5 9. h3 Qc7 10. Re1 f6 11. exf6 Bxf6 12. Bxf6 Rxf6 13. d3 Nf7 14. Nc3 e5 15.
Na4 Qd6 16. Qe2 Bd7 17. Nxe5 Re8 18. f4 Rxf4 19. Nxf7 Rxf7 20. Qd2 Ref8 21. Rf1
Qe5 22. c3 d4 23. Rxf7 Rxf7 24. c4 Bxh3 25. Re1 Kg7 26. gxh3 Rf3 27. Re2 Qg3+
28. Rg2 Qxh3 29. Nxc5 Qf5 30. Qg5 Qf7 31. Qe5+ Kg8 32. Ne6 h5 33. Qb8+ 1-0

[Event "44th Sparkassen Open"]
[Site "Dortmund GER"]
[Date "2016.07.15"]
[Round "7.6"]
[White "Schulze, Marc"]
[Black "Podzielny, Karl-Heinz"]
[Result "1/2-1/2"]
[BlackTitle "IM"]
[WhiteElo "2099"]
[BlackElo "2400"]
[WhiteFideId "1271126"]
[BlackFideId "4600215"]
[EventDate "2016.07.09"]

1. d4 g6 2. Bf4 Bg7 3. Nf3 d6 4. h3 Nd7 5. e3 e5 6. Bh2 Qe7 7. Be2 Nh6 8. O-O
O-O 9. c4 Nf5 10. Nc3 c6 11. Rc1 h5 12. a3 Re8 13. Bd3 exd4 14. exd4 Nxd4 15.
Nxd4 Bxd4 16. Bxg6 Bxc3 17. Bh7+ Kxh7 18. Qxh5+ Kg7 19. Rxc3 Nf8 20. Rd3 Ng6 21.
Rxd6 Be6 22. b3 Qf6 23. Rfd1 Rh8 24. Qe2 Rae8 25. a4 Bc8 26. Qd2 Re6 27. b4 Rxd6
28. Bxd6 Be6 29. Bc5 Qh4 30. Re1 Rd8 31. Qc3+ Kg8 32. Bxa7 Qxc4 33. Qf6 Rd7 34.
Bc5 b6 35. Be3 Qxb4 36. Rc1 c5 37. a5 bxa5 38. Rxc5 Qb1+ 39. Kh2 Qb8+ 40. g3 Rd5
41. Rxd5 Bxd5 42. Bd4 Kf8 43. Qa6 Ke8 44. Qxa5 Qb3 45. Bf6 Kd7 46. Qd8+ Ke6 47.
Bd4 Qb7 48. Qb6+ Qxb6 49. Bxb6 Kf5 50. Bc7 Ke4 51. h4 Kf3 52. Bb6 Ne5 53. Bd4
Ng4+ 54. Kg1 Ke2 55. Ba7 Ne5 56. Kh2 Kf1 57. f4 Ng4+ 58. Kh3 Bf3 59. h5 Nh6 60.
Kh4 f6 61. g4 Nxg4 62. Bd4 Kg2 63. h6 1/2-1/2

[Event "44th Sparkassen Open"]
[Site "Dortmund GER"]
[Date "2016.07.15"]
[Round "7.7"]
[White "Meyers, Mark"]
[Black "Wickenfeld, Stefan"]
[Result "1/2-1/2"]
[WhiteElo "2074"]
[BlackElo "2231"]
[WhiteFideId "12927716"]
[BlackFideId "4622790"]
[EventDate "2016.07.09"]

1. c4 c5 2. g3 g6 3. Bg2 Bg7 4. Nc3 Nc6 5. e4 e6 6. Nge2 Nge7 7. O-O O-O 8. d3
a6 9. Be3 Nd4 10. Rb1 Nec6 11. a3 Qe7 12. Qd2 b5 13. b4 Rb8 14. bxc5 Qxc5 15.
cxb5 axb5 16. Rfc1 Qxa3 17. Bxd4 Nxd4 18. Nxd4 Bxd4 19. Nxb5 Qa4 20. Rc4 Qa6 21.
Rxd4 Rxb5 22. Rc1 Qb6 23. Rdc4 Ba6 24. Bf1 f5 25. Rc7 Rb2 26. R7c2 Rb4 27. Rc7
Rd4 28. Qe3 Rf7 29. exf5 exf5 1/2-1/2

[Event "44th Sparkassen Open"]
[Site "Dortmund GER"]
[Date "2016.07.15"]
[Round "7.8"]
[White "Stein, Robert"]
[Black "Boehm, Juergen2"]
[Result "1/2-1/2"]
[WhiteElo "2169"]
[BlackElo "2176"]
[WhiteFideId "12921084"]
[BlackFideId "4606434"]
[EventDate "2016.07.09"]

1. Nf3 d5 2. g3 Nf6 3. Bg2 Bf5 4. d3 e6 5. Nbd2 h6 6. O-O Be7 7. c4 c6 8. b3 O-O
9. Bb2 Nbd7 10. Rc1 a5 11. a3 Bh7 12. Rc2 Ne8 13. Qa1 Bf6 14. Rfc1 Bxb2 15. Qxb2
Nef6 1/2-1/2

[Event "44th Sparkassen Open"]
[Site "Dortmund GER"]
[Date "2016.07.15"]
[Round "7.9"]
[White "Steinle, Carsten"]
[Black "Zatonskih, V."]
[Result "0-1"]
[BlackTitle "FM"]
[WhiteElo "2141"]
[BlackElo "2329"]
[WhiteFideId "24676462"]
[BlackFideId "14102161"]
[EventDate "2016.07.09"]

1. Nf3 f5 2. d3 Nc6 3. Nc3 e5 4. Bg5 Be7 5. Qd2 d5 6. e4 dxe4 7. dxe4 Qxd2+ 8.
Bxd2 fxe4 9. Ng5 Bf5 10. O-O-O Nf6 11. Bc4 h6 12. Ne6 Bxe6 13. Bxe6 Bc5 14. Be3
Nd4 15. Bh3 Rd8 16. Rhe1 Bb4 17. Bd2 Bxc3 18. Bxc3 c5 19. b4 cxb4 20. Bxb4 Nc6
21. Bd6 Kf7 22. Bf5 Nd4 23. Bc7 Rc8 24. Bxc8 Rxc8 25. Bxe5 Nxc2 26. Kb2 Nxe1 27.
Rxe1 Rc4 28. Rd1 a5 29. Rd6 b5 30. Rd1 a4 31. Rd6 Rc5 32. Bc3 e3 33. Rd3 exf2
34. Rf3 Ke6 35. Rxf2 a3+ 36. Kxa3 Rxc3+ 37. Kb4 Nd5+ 38. Kxb5 Ra3 39. Re2+ Kd6
40. Kc4 Ra4+ 41. Kb3 Rb4+ 42. Kc2 Kc5 43. Re5 Rf4 44. Re2 Kc4 45. g3 Rd4 46. Kb2
Kd3 47. Rf2 Rb4+ 48. Kc1 Nc3 49. Rf3+ Kd4 50. a3 Rb7 51. Kc2 Nd5 52. Rd3+ Ke5
53. Rf3 g5 54. Rf8 Ke4 55. Rd8 Rf7 56. h4 Rf3 57. hxg5 hxg5 0-1

[Event "44th Sparkassen Open"]
[Site "Dortmund GER"]
[Date "2016.07.15"]
[Round "7.10"]
[White "Winkel, Peter"]
[Black "Hecht, Carsten"]
[Result "1/2-1/2"]
[WhiteElo "2038"]
[BlackElo "2242"]
[WhiteFideId "12954756"]
[BlackFideId "24693928"]
[EventDate "2016.07.09"]

1. e4 c5 2. Nf3 e6 3. b3 d6 4. Bb2 Nc6 5. d4 cxd4 6. Nxd4 a6 7. c4 Qc7 8. g3 Nf6
9. Bg2 Be7 10. O-O Bd7 11. Nc3 O-O 12. Rc1 Nxd4 13. Qxd4 Qa5 14. Rfd1 Rac8 15.
Qd2 Qb6 16. Qe2 Rfd8 17. Rd2 Bc6 18. Rcd1 Qa5 19. Ba1 1/2-1/2

[Event "44th Sparkassen Open"]
[Site "Dortmund GER"]
[Date "2016.07.15"]
[Round "7.11"]
[White "Mundorf, Johannes"]
[Black "Partzsch, Lukas"]
[Result "1/2-1/2"]
[WhiteElo "2240"]
[BlackElo "2167"]
[WhiteFideId "24672491"]
[BlackFideId "12934852"]
[EventDate "2016.07.09"]

1. Nf3 Nf6 2. g3 d6 3. d4 Nbd7 4. Bg2 e5 5. c4 Be7 6. O-O O-O 7. Nc3 c6 8. Qc2
Qc7 9. b3 Re8 10. Bb2 Bf8 11. Rac1 a6 12. Rfd1 b6 13. b4 Bb7 14. c5 exd4 15.
cxd6 Bxd6 16. Nxd4 Bxb4 17. Nf5 Bxc3 18. Qxc3 Rxe2 19. Nd4 Ree8 20. Nxc6 Nc5 21.
Nb4 Bxg2 22. Kxg2 Qb7+ 23. Qf3 Qxf3+ 24. Kxf3 Re6 25. Bd4 a5 26. Bxc5 bxc5 27.
Nd3 Ne4 28. Nxc5 Nxc5 29. Rxc5 g6 30. Rd4 a4 31. Rcc4 Rea6 32. a3 Ra5 33. g4 h5
34. h3 R8a6 35. Kg3 hxg4 36. hxg4 Rb6 37. f3 Rb3 38. Rc7 Rxa3 39. Rdd7 Rb3 40.
Rxf7 a3 41. Rg7+ Kh8 42. Rh7+ Kg8 43. Rcg7+ Kf8 44. Ra7 Rxa7 45. Rxa7 Rc3 46.
Kf4 Rc5 47. Rxa3 Rc7 48. Kg5 Kg7 49. f4 Rc5+ 50. f5 gxf5 51. gxf5 Rc6 52. Ra7+
Kf8 53. Rd7 Ra6 54. Rh7 Rb6 55. Rh3 Kf7 56. Rh7+ Kg8 57. Rd7 Ra6 58. Kf4 Rb6 59.
Ke5 Ra6 60. Rb7 Rc6 61. Kf4 Ra6 62. Kg5 Rc6 63. f6 Rc1 1/2-1/2

[Event "44th Sparkassen Open"]
[Site "Dortmund GER"]
[Date "2016.07.15"]
[Round "7.12"]
[White "Pollmueller, Michael"]
[Black "Ciornei, Dragos"]
[Result "1/2-1/2"]
[WhiteElo "2076"]
[BlackElo "2183"]
[WhiteFideId "16208749"]
[BlackFideId "4619200"]
[EventDate "2016.07.09"]

1. d4 Nf6 2. Nf3 g6 3. c4 Bg7 4. g3 O-O 5. Bg2 d6 6. O-O Nbd7 7. Qc2 e5 8. Rd1
Re8 9. dxe5 dxe5 10. Nc3 c6 11. h3 Qc7 12. Be3 Bf8 13. Na4 b6 14. a3 Bb7 15.
Rac1 Rad8 16. b4 c5 17. b5 Ne4 18. Nd2 Nxd2 19. Rxd2 Bxg2 20. Kxg2 h6 21. Nc3
Nf6 1/2-1/2

[Event "44th Sparkassen Open"]
[Site "Dortmund GER"]
[Date "2016.07.15"]
[Round "7.13"]
[White "Voicu-Jagodzinsky, Carmen"]
[Black "Eckardt, Joshua"]
[Result "0-1"]
[WhiteTitle "WGM"]
[WhiteElo "2263"]
[BlackElo "2133"]
[WhiteFideId "1206729"]
[BlackFideId "12941646"]
[EventDate "2016.07.09"]

1. e4 e6 2. d4 d5 3. e5 c5 4. c3 Nc6 5. Nf3 Bd7 6. Bd3 Rc8 7. a3 cxd4 8. cxd4
Qb6 9. O-O Nxd4 10. Nbd2 Nxf3+ 11. Nxf3 Bb5 12. b4 Bxd3 13. Qxd3 a6 14. Be3 Qd8
15. Rac1 Ne7 16. a4 Nc6 17. b5 Nb4 18. Qb3 Be7 19. Bb6 Qd7 20. Ba5 Rc4 21. Rxc4
dxc4 22. Qxc4 axb5 23. Qg4 Nc6 24. Qxg7 Rf8 25. Bb6 bxa4 26. Qxh7 Qd5 27. Qc2
Rg8 28. Kh1 a3 29. Rd1 Qb5 30. Be3 Rh8 31. h3 Kf8 32. Rb1 Qd5 33. Rd1 Qb5 34.
Rb1 Qa6 35. Bc5 Bxc5 36. Qxc5+ Kg7 37. Ng5 a2 38. Ra1 Qe2 39. f4 Qb2 40. Qg1 Nd4
41. Rxa2 Qxa2 42. Qxd4 Qb1+ 43. Kh2 Qf5 44. Qb4 Ra8 45. Nf3 b5 46. Nh4 Qd3 47.
f5 Qc4 48. Qe1 Qf4+ 49. g3 Ra2+ 50. Kh1 Qf2 0-1

[Event "44th Sparkassen Open"]
[Site "Dortmund GER"]
[Date "2016.07.15"]
[Round "7.14"]
[White "Huhs, Sven"]
[Black "Torres-Kuckel, Rafael"]
[Result "0-1"]
[BlackTitle "FM"]
[WhiteElo "2034"]
[BlackElo "2191"]
[WhiteFideId "24669130"]
[BlackFideId "4625072"]
[EventDate "2016.07.09"]

1. d4 Nf6 2. c4 e6 3. Nc3 Bb4 4. e3 b6 5. Ne2 O-O 6. a3 Be7 7. Nf4 d6 8. Be2 Bb7
9. O-O Nbd7 10. b3 c5 11. Bb2 a6 12. Bf3 Rb8 13. a4 Qc7 14. Qe2 Rfe8 15. Rfd1
cxd4 16. exd4 d5 17. g3 dxc4 18. Bxb7 Rxb7 19. bxc4 Bd6 20. Ng2 Rc8 21. Ne3 h5
22. d5 e5 23. Rac1 g6 24. Kg2 Qd8 25. h3 Rbc7 26. Rb1 Qe7 27. Ba1 Rb8 28. Rd2
Rcc8 29. Rdb2 e4 30. Rb3 h4 31. Ncd1 hxg3 32. fxg3 Be5 33. Bxe5 Qxe5 34. Nf2 Qd6
35. Rb4 Nh5 36. Nxe4 Qe5 37. Qf3 Re8 38. c5 bxc5 39. Rxb8 Rxb8 40. Rxb8+ Qxb8
41. Nc4 Ne5 42. Nxe5 Qxe5 43. Nc3 Qd4 44. h4 Nf6 45. Kh3 Kg7 46. Kh2 Ng4+ 47.
Kh1 Ne5 0-1

[Event "44th Sparkassen Open"]
[Site "Dortmund GER"]
[Date "2016.07.15"]
[Round "7.15"]
[White "Liard, Thibaud"]
[Black "Kuechle, Wolfgang"]
[Result "1-0"]
[WhiteElo "2183"]
[BlackElo "2030"]
[WhiteFideId "649775"]
[BlackFideId "24628581"]
[EventDate "2016.07.09"]

1. d4 d5 2. Nf3 Nf6 3. c4 c6 4. Qc2 g6 5. Bf4 Bg7 6. e3 O-O 7. Be2 dxc4 8. Bxc4
c5 9. O-O Bf5 10. Qe2 Nc6 11. dxc5 Qa5 12. Nbd2 Qxc5 13. h3 Na5 14. Rac1 Nxc4
15. Nxc4 Be6 16. e4 Rfd8 17. Be3 Qb5 18. Nd4 Qa6 19. Nxe6 Qxe6 20. f3 Ne8 21. b3
b6 22. Rfd1 Rd7 23. Rxd7 Qxd7 24. Rd1 Qb7 25. Qd3 Kf8 26. Qd7 Qa6 27. a4 Qc8 28.
e5 Nc7 29. Bg5 Qxd7 30. Rxd7 Rc8 31. Rxe7 Ne6 32. Bf6 Bxf6 33. exf6 Rc7 34. Rxc7
Nxc7 35. g4 h6 36. h4 Na6 37. a5 bxa5 38. Nxa5 Nc5 39. Kf2 Ke8 40. Ke3 Kd7 41.
Kd4 Ne6+ 42. Ke5 Nc5 43. Kd5 Nd3 44. g5 h5 45. Nc6 Nf4+ 46. Ke4 Ng2 47. Nxa7
Nxh4 48. Nb5 Nf5 49. Nd4 Nd6+ 50. Ke5 Nb7 51. b4 Nd6 52. b5 Nc4+ 53. Kd5 Nd2 54.
f4 h4 55. Ne2 h3 56. Ng3 h2 57. Nh1 Nf3 58. Ke4 Nh4 59. Ke3 Kd6 60. Kf2 Kc5 61.
Kg3 Nf5+ 62. Kxh2 Kxb5 63. Ng3 Nd6 64. Kh3 Kc4 65. Kg4 Kd5 66. f5 Ke5 67. fxg6
fxg6 68. Ne2 Nf7 69. Nf4 Nh8 70. Nxg6+ Nxg6 71. Kh5 Nf4+ 72. Kh6 Ke6 73. g6 Kxf6
74. g7 Ke5 75. g8=Q Kd4 76. Qg4 Ke5 77. Kg5 Ne6+ 78. Kg6 Nf4+ 79. Kf7 Nd5 80.
Qg5+ Kd6 81. Qf5 Kc6 82. Ke6 Nc7+ 83. Ke5 Nb5 84. Qe6+ Kc5 85. Qc8+ Kb4 86. Kd5
Nc3+ 87. Kd4 Nb5+ 88. Kd3 Nd6 89. Qc6 Nb5 90. Qb6 1-0

[Event "44th Sparkassen Open"]
[Site "Dortmund GER"]
[Date "2016.07.15"]
[Round "7.16"]
[White "Heldt, Maximilian"]
[Black "Heinert, Eugen"]
[Result "1/2-1/2"]
[WhiteElo "1975"]
[BlackElo "2171"]
[WhiteFideId "12952346"]
[BlackFideId "24621390"]
[EventDate "2016.07.09"]

1. e4 e6 2. d4 d5 3. exd5 exd5 4. Nf3 Nc6 5. c4 Nf6 6. Nc3 Bb4 7. Bg5 O-O 8.
cxd5 Qe8+ 9. Be2 Nxd5 10. Bd2 Nxc3 11. bxc3 Be7 12. O-O Bf6 13. Rb1 b6 14. Bd3
Bg4 15. h3 Bh5 16. Bf4 Qd7 17. d5 Bxf3 18. Qxf3 Ne7 19. c4 Ng6 20. Bg3 Rfe8 21.
c5 Ne5 22. Bxe5 Rxe5 23. d6 c6 24. cxb6 Qxd6 25. Rfd1 Rd5 26. Be4 Rxd1+ 27. Rxd1
Qe7 28. Bxc6 Rb8 29. b7 Be5 30. Rd7 Qf6 31. Qd5 h5 32. Bb5 h4 33. Bc4 Rf8 34.
Qe4 g6 35. Bb3 Kg7 36. Rd5 Bb8 37. Rd4 Rd8 38. Rxd8 Qxd8 39. Qc4 Qe8 40. Qc3+
Be5 41. Qc8 Bc7 42. Kf1 1/2-1/2

[Event "44th Sparkassen Open"]
[Site "Dortmund GER"]
[Date "2016.07.15"]
[Round "7.18"]
[White "Rott, Georg"]
[Black "Borchert, Louis"]
[Result "0-1"]
[WhiteElo "2139"]
[BlackElo "1878"]
[WhiteFideId "4633393"]
[BlackFideId "12990680"]
[EventDate "2016.07.09"]

1. e4 e5 2. Nf3 Nc6 3. Bb5 a6 4. Bxc6 dxc6 5. O-O f6 6. d4 exd4 7. Nxd4 c5 8.
Ne2 Qxd1 9. Rxd1 Bd6 10. Nbc3 Ne7 11. Bf4 Bxf4 12. Nxf4 Bd7 13. Ncd5 Nxd5 14.
Rxd5 b6 15. f3 O-O-O 16. Rad1 g5 17. Nh5 Rhf8 18. g4 h6 19. a3 Be6 20. Rxd8+
Rxd8 21. Rxd8+ Kxd8 22. Nxf6 Ke7 23. Nh5 Bf7 24. Ng3 Kf6 25. Kf2 Ke5 26. Ke3 b5
27. c3 Bg6 28. b4 cxb4 29. cxb4 Bf7 30. Ne2 Bc4 31. Nd4 Bf7 32. Nc6+ Kd6 33. Nd8
Bc4 34. Nb7+ Kc6 35. Na5+ Kb6 36. Nxc4+ bxc4 37. Kd4 Kb5 38. h3 c6 39. e5 c5+
40. bxc5 c3 41. a4+ Kb4 42. c6 c2 43. Kd5 c1=Q 44. Kd6 Qc5+ 45. Kd7 Qd5+ 0-1

[Event "44th Sparkassen Open"]
[Site "Dortmund GER"]
[Date "2016.07.15"]
[Round "7.19"]
[White "Oezen, Alf"]
[Black "Koellner, Christof"]
[Result "0-1"]
[WhiteElo "1970"]
[BlackElo "2133"]
[WhiteFideId "12985430"]
[BlackFideId "4635787"]
[EventDate "2016.07.09"]

1. Nf3 d6 2. g3 e5 3. e4 Be7 4. Bg2 h5 5. Nc3 h4 6. O-O Nc6 7. Nd5 g5 8. d4 Bg4
9. c3 hxg3 10. fxg3 f6 11. Qb3 Na5 12. Qa4+ c6 13. Nxe7 Nxe7 14. dxe5 b5 15. Qc2
Qb6+ 16. Kh1 dxe5 17. Bxg5 fxg5 18. Nxe5 Be6 19. Rf6 O-O-O 20. Rxe6 Qe3 21. Ng4
Qxg3 22. Qe2 Rd7 23. a4 Nc4 24. Kg1 Qf4 25. Rf1 Qc7 26. axb5 cxb5 27. b3 Rd2 28.
Qe1 Qd7 29. bxc4 Rxg2+ 30. Kxg2 Qxe6 31. Qe2 Ng6 32. Kh1 Nf4 33. Qf3 Rh3 34. Qd1
Rd3 35. Qc2 Qxg4 36. cxb5 Qh3 37. Qf2 Re3 38. Rd1 Qf3+ 39. Qxf3 Rxf3 40. Rg1 Nh3
41. Ra1 Kb7 42. c4 Rc3 43. Ra4 Nf2+ 44. Kg2 Nxe4 45. c5 Nxc5 46. Rg4 Ne6 47. h4
gxh4 48. Rxh4 Rb3 49. Rh7+ Nc7 0-1

[Event "44th Sparkassen Open"]
[Site "Dortmund GER"]
[Date "2016.07.15"]
[Round "7.20"]
[White "Schuelke, Tilman"]
[Black "Wicht, Juergen"]
[Result "0-1"]
[BlackTitle "CM"]
[WhiteElo "1923"]
[BlackElo "2221"]
[WhiteFideId "4647475"]
[BlackFideId "4639197"]
[EventDate "2016.07.09"]

1. d4 d6 2. e4 Nf6 3. Nc3 e5 4. Nge2 exd4 5. Nxd4 Be7 6. h3 O-O 7. Be3 Re8 8.
Qd2 Bf8 9. Bd3 c5 10. Nde2 a6 11. a4 Nc6 12. O-O Nb4 13. Bg5 h6 14. Bf4 Be6 15.
Ng3 d5 16. exd5 Nfxd5 17. Nxd5 Nxd5 18. Rfe1 Qh4 19. Ne2 Rad8 20. Bg3 Qf6 21.
Qc1 Nb4 22. Nf4 Bc8 23. Rxe8 Rxe8 24. c3 Nxd3 25. Nxd3 c4 26. Nf4 Bc5 27. Qd2
Qg5 28. Kh2 Rd8 29. Qe1 h5 30. h4 Qg4 31. f3 Qf5 32. Rd1 Rxd1 33. Qxd1 Qd7 34.
Qc2 Bb6 35. b3 cxb3 36. Qxb3 Qc6 37. Nd3 Be6 38. Qb4 a5 39. Qe7 Qd7 40. Bd6 Qxe7
41. Bxe7 Bc7+ 42. g3 Bd7 43. Nf4 Bc6 44. c4 Bxa4 45. Nd5 Be5 46. Bd8 Bb3 47.
Bxa5 Bxc4 48. Ne7+ Kf8 49. Bb4 Ke8 50. Nf5 Kd7 51. Ne3 Bb3 52. Kg2 Bf6 53. Kh3
Bd4 54. Nf1 Bd5 55. Nh2 f5 56. Kg2 Kc6 57. Kf1 Kb5 58. Bd6 Be6 59. Kg2 Kc4 60.
g4 g6 61. gxh5 gxh5 62. Kg3 b5 63. Kf4 Kd5 64. Ba3 Be5+ 65. Kg5 Bxh2 66. Kxh5
Bf7+ 67. Kg5 Ke6 68. f4 Bg1 69. Bb2 Bc5 70. h5 Be7+ 71. Kh6 b4 72. Bg7 b3 73.
Bb2 Bf6 0-1

[Event "44th Sparkassen Open"]
[Site "Dortmund GER"]
[Date "2016.07.15"]
[Round "7.21"]
[White "Austrup, David"]
[Black "Tayyar, Alptug"]
[Result "1-0"]
[WhiteElo "2001"]
[BlackElo "2037"]
[WhiteFideId "12996890"]
[BlackFideId "12993450"]
[EventDate "2016.07.09"]

1. e4 c5 2. d4 cxd4 3. c3 d3 4. Bxd3 Nc6 5. c4 g6 6. Nc3 Bg7 7. Nf3 d6 8. O-O
Nf6 9. h3 O-O 10. Be3 Nd7 11. Rc1 Nc5 12. Bb1 Be6 13. b3 a5 14. Nd4 Bd7 15. Ndb5
a4 16. Bxc5 dxc5 17. Nxa4 b6 18. Nxb6 Qxb6 19. Qxd7 Rad8 20. Qg4 Rd2 21. Rcd1
Rb2 22. Qg5 Bf6 23. Qc1 Re2 24. Nc3 Bxc3 25. Qxc3 Nd4 26. Rd2 Rd8 27. Bd3 Qf6
28. Qa5 Nc6 29. Qxd8+ Nxd8 30. Bxe2 Nc6 31. Rfd1 Qc3 32. g3 Nd4 33. Kg2 h5 34.
Rd3 Qc2 35. R1d2 Qb1 36. Bf3 Kg7 37. Rxd4 cxd4 38. Rxd4 Qxa2 39. Rd3 Qc2 40. Re3
e5 41. Be2 Qd2 42. Bf1 h4 43. Rd3 Qe1 44. Re3 Qd2 45. g4 Kf6 46. c5 Qb4 47. Bc4
Qxc5 48. Rf3+ Ke7 49. Rxf7+ Ke8 50. Rf6 g5 51. Rg6 Qd4 52. Bd5 Qd2 53. Re6+ Kd7
54. Rxe5 Qf4 55. Rf5 Qd2 56. b4 Qxb4 57. Rxg5 Qd4 58. Rh5 Qf6 59. e5 Qe7 60. Rf5
Qc5 61. Bf3 Ke6 62. Rf6+ Ke7 63. Rh6 Qxe5 64. Rxh4 Kf6 65. Rh5 Qc3 66. Rf5+ Kg7
67. h4 Qd2 68. Rd5 Qf4 69. h5 Qc1 70. Rd6 Qf4 71. Rg6+ Kh7 72. Rb6 Qd4 73. Rb7+
Kh6 74. Rb1 Kg7 75. Rh1 Qf4 76. Rh3 Kh6 77. Rg3 Kg5 78. Rh3 Kh6 79. Rh1 Qd2 80.
Rd1 Qf4 81. Rd3 Qc1 82. Rd5 Qf4 83. Rf5 Qd2 84. g5+ Kg7 85. Kg3 Qd6+ 86. Kg2 Qd2
87. Rd5 Qf4 88. Rb5 Qc1 89. Rb7+ Kh8 90. g6 Qg5+ 91. Kh3 Qf5+ 92. Kg3 Qe5+ 93.
Kg2 Qg5+ 94. Kh3 Qf5+ 95. Bg4 Qxf2 96. Rh7+ Kg8 97. Be6+ Kf8 98. g7+ 1-0

[Event "44th Sparkassen Open"]
[Site "Dortmund GER"]
[Date "2016.07.15"]
[Round "7.22"]
[White "Savchenko, Daniel"]
[Black "Hartung, Thomas2"]
[Result "1-0"]
[WhiteElo "1942"]
[BlackElo "2018"]
[WhiteFideId "12919195"]
[BlackFideId "4639146"]
[EventDate "2016.07.09"]

1. e4 e5 2. Nf3 Nc6 3. Bb5 a6 4. Ba4 Nf6 5. d4 exd4 6. O-O Bc5 7. e5 Nd5 8. Bb3
Nce7 9. c3 O-O 10. cxd4 Bb6 11. Bg5 Qe8 12. Re1 h6 13. Bh4 Nf4 14. Bxe7 Qxe7 15.
d5 d6 16. Qd2 dxe5 17. Qxf4 1-0

[Event "44th Sparkassen Open"]
[Site "Dortmund GER"]
[Date "2016.07.15"]
[Round "7.24"]
[White "Dette, Jan"]
[Black "Klueting, Reiner"]
[Result "1-0"]
[WhiteElo "2015"]
[BlackElo "1907"]
[WhiteFideId "12936677"]
[BlackFideId "4644760"]
[EventDate "2016.07.09"]

1. e4 Nf6 2. e5 Nd5 3. d4 d6 4. c4 Nb6 5. exd6 cxd6 6. Nc3 g6 7. Be3 Bg7 8. Rc1
O-O 9. b3 e5 10. dxe5 dxe5 11. Qxd8 Rxd8 12. c5 N6d7 13. Bc4 Nc6 14. Nf3 Na5 15.
Be2 b6 16. O-O bxc5 17. Ne4 c4 18. Bd2 Nb7 19. Bxc4 Nb6 20. Bg5 Nxc4 21. Bxd8
Nxd8 22. bxc4 Bb7 23. Nd6 Bc6 24. Rfe1 f6 25. Nd2 Bh6 26. Rc2 Ne6 27. Nb3 Nf4
28. f3 Ba4 29. c5 Nd3 30. Rd1 Be3+ 31. Kf1 Nxc5 32. Rc3 Nxb3 33. Rxe3 Nd4 34.
Rc1 Bd7 35. Rc7 Nf5 36. Nxf5 Bxf5 37. Rb3 Bc8 38. Kf2 a6 39. Rb6 1-0

[Event "44th Sparkassen Open"]
[Site "Dortmund GER"]
[Date "2016.07.15"]
[Round "7.25"]
[White "Wastian, Jan"]
[Black "Kueppers, Timo"]
[Result "1/2-1/2"]
[WhiteElo "1877"]
[BlackElo "1967"]
[WhiteFideId "12911640"]
[BlackFideId "16205820"]
[EventDate "2016.07.09"]

1. e4 c5 2. c3 g6 3. d4 cxd4 4. cxd4 d5 5. e5 Nc6 6. h3 Bg7 7. f4 Nh6 8. g4 O-O
9. Nf3 f6 10. Bg2 Qb6 11. Nc3 fxe5 12. fxe5 e6 13. O-O Bd7 14. Kh1 Rac8 15. Na4
Qc7 16. Bd2 1/2-1/2

[Event "44th Sparkassen Open"]
[Site "Dortmund GER"]
[Date "2016.07.15"]
[Round "7.26"]
[White "von Bargen, Lukas"]
[Black "Althoff, Ralph"]
[Result "1-0"]
[WhiteElo "1964"]
[BlackElo "2122"]
[WhiteFideId "12946141"]
[BlackFideId "4623177"]
[EventDate "2016.07.09"]

1. d4 f5 2. g3 g6 3. Bg2 Nf6 4. Nf3 Bg7 5. O-O O-O 6. c4 d6 7. Nc3 Qe8 8. d5 a5
9. Be3 Na6 10. Qd2 e5 11. dxe6 Qxe6 12. b3 Ne4 13. Nxe4 Bxa1 14. Neg5 Qf6 15.
Rxa1 Qxa1+ 16. Ne1 c6 17. Bd5+ cxd5 18. Qxd5+ Kg7 19. Bd4+ Qxd4 20. Qxd4+ Kh6
21. Qxd6 Re8 22. Nef3 Nb4 23. Qc7 Rh8 24. Nf7+ Kg7 25. Nd8+ Kh6 26. Qf4+ Kg7 27.
Qe5+ Kf8 28. Qxh8+ Ke7 29. Ne5 Nxa2 30. Ndf7 Be6 31. Qxa8 1-0

[Event "44th Sparkassen Open"]
[Site "Dortmund GER"]
[Date "2016.07.15"]
[Round "7.27"]
[White "Sicars, Thorsten"]
[Black "Phunhon Lopez, Daniel Alejandro"]
[Result "1-0"]
[WhiteElo "2066"]
[BlackElo "1958"]
[WhiteFideId "12904090"]
[BlackFideId "12952567"]
[EventDate "2016.07.09"]

1. d4 Nf6 2. Bf4 c5 3. e3 cxd4 4. exd4 Qb6 5. Nc3 a6 6. a3 d5 7. Nf3 Nc6 8. h3
Bf5 9. Bd3 Bxd3 10. Qxd3 e6 11. O-O Be7 12. Ne2 O-O 13. Ng3 Na5 14. Ne5 Rfc8 15.
Rab1 Nc4 16. c3 Qa7 17. Bg5 b5 18. Qe2 a5 19. Ra1 Qb7 20. Nd3 h6 21. Bxf6 Bxf6
22. Nh5 Qe7 23. Rfe1 g6 24. Qg4 Bg7 25. Nhf4 Qd6 26. Nxg6 fxg6 27. Rxe6 Qf8 28.
Rxg6 Kh7 29. b3 Nd6 30. Nf4 Ne8 31. Re1 Rxc3 32. Nxd5 Rxb3 33. Re7 Rb1+ 34. Kh2
Kh8 35. Qe4 Qg8 36. Rexg7 1-0

[Event "44th Sparkassen Open"]
[Site "Dortmund GER"]
[Date "2016.07.15"]
[Round "7.28"]
[White "Schmitz, Edgar"]
[Black "Knudsen, Simon"]
[Result "1/2-1/2"]
[WhiteElo "1981"]
[BlackElo "1873"]
[WhiteFideId "24675270"]
[BlackFideId "12985546"]
[EventDate "2016.07.09"]

1. e4 c5 2. Nf3 d6 3. Bb5+ Nd7 4. c3 Nf6 5. Qe2 a6 6. Ba4 b5 7. Bc2 Bb7 8. O-O
g6 9. a4 Bg7 10. d4 O-O 11. Re1 Qc7 12. Na3 b4 13. Nb1 a5 14. Bd3 e5 15. d5 Nb6
16. c4 1/2-1/2

[Event "44th Sparkassen Open"]
[Site "Dortmund GER"]
[Date "2016.07.15"]
[Round "7.29"]
[White "Stemmler, Fabian"]
[Black "Dyballa, Gerhard"]
[Result "1-0"]
[WhiteElo "1931"]
[BlackElo "1966"]
[WhiteFideId "12964808"]
[BlackFideId "4645189"]
[EventDate "2016.07.09"]

1. Nf3 d5 2. d4 Nf6 3. c4 e6 4. Nc3 Be7 5. Bf4 c6 6. e3 O-O 7. Bd3 h6 8. h3 b6
9. g4 dxc4 10. Bxc4 Nd5 11. Nxd5 exd5 12. Bd3 Nd7 13. h4 Re8 14. g5 h5 15. g6 f6
16. Nd2 Nf8 17. Qxh5 Be6 18. Qe2 Qd7 19. h5 Bf5 20. Bxf5 Qxf5 21. Nf3 c5 22. Nh4
Qe6 23. h6 cxd4 24. hxg7 dxe3 25. gxf8=Q+ Kxf8 26. fxe3 Bb4+ 27. Kf1 Qe4 28. Qh5
Re7 29. Nf5 1-0